000 00607nam a2200193 a 4500
001 000043954
005 20201002045049.0
008 140512s1983 sp 000 0 spa d
020 _a8472233383
040 _aDO-SdBNP
_bspa
_cBNPHU
100 1 _aDelacomté, Arnaud
_971897
240 1 0 _aNoémie-la-nuit
_lespañol
245 1 0 _aDuende Nocturno /
_cArnaud Delacomté ; traducción de Susana Constante.
260 _aBarcelona :
_bTusquets,
_c1983.
300 _a210 p. ;
_c21 cm.
490 1 _aLa sonrisa vertical
_v36
700 1 2 _aConstante, Susana
_etr.
_932133
830 0 _aLa sonrisa vertical
_v36
_919576
999 _c43443
_d43443